Preguntas frecuentes sobre la capa de ozono y sus respuestas
Guardado en:
| Formato: | Libro |
|---|---|
| Publicado: |
Cambridge :
Servicio Meteorológico, s/f.
|
| Materias: | |
| Etiquetas: |
Agregar Etiqueta
Sin Etiquetas, Sea el primero en etiquetar este registro!
|
| LEADER | 00759nam a22001695a 4500 | ||
|---|---|---|---|
| 001 | CEM.cems018119 | ||
| 005 | 20131029120456.0 | ||
| 008 | 130507b######################000#0#####d | ||
| 003 | CEMS | ||
| 082 | 0 | 4 | |a FC574.5 |
| 245 | 0 | 0 | |a Preguntas frecuentes sobre la capa de ozono y sus respuestas |
| 260 | |a Cambridge : |b Servicio Meteorológico, s/f. | ||
| 300 | |a 38 p. | ||
| 500 | |a El presente trabajo ha sido elaborado por la Oficina Programa Ozono, de la Dirección Nacional de Gestión Ambiental de la Secretaría de Ambiente y Desarrollo sustentable, con el fin de divulgar los aspectos más importantes relacionados con el agotamiento de la capa de ozono. | ||
| 653 | |a Ozono | ||
| 653 | |a Medio ambiente | ||
| 859 | |a CEMS |b BIB. CEMS - Agricultura |h FC574.5 |i Or37 |p A0074.44 |t Ej.1 | ||
